Bevezetés az orvostudományba

Elmentve itt :
Bibliográfiai részletek
Szerzők: Barabás Katalin
Pluhár Zsuzsanna
Dokumentumtípus: Könyv
Megjelent: 2006
Tárgyszavak:
Online Access:http://eta.bibl.u-szeged.hu/2337
LEADER 00644nnm a2200193 i 4500
001 eta2337
005 20191113134001.0
008 191113s2006 hu o 0|| hun d
040 |a SZTE Elektronikus Tananyag Archívum  |b hun 
041 |a hun 
100 1 |a Barabás Katalin 
245 1 0 |a Bevezetés az orvostudományba  |h [elektronikus dokumentum] /  |c  Barabás Katalin 
260 |c 2006 
300 |a 88 
516 |a Book 
650 4 |a Orvos- és egészségtudomány 
650 4 |a Általános orvostudomány 
700 0 1 |a Pluhár Zsuzsanna  |e aut 
856 4 0 |u https://eta.bibl.u-szeged.hu/2337/1/bevezetes_az_orvostudomanyba_jegyzet_2006.pdf  |z Dokumentum-elérés